| 000 | 00672nam a2200217 4500 | ||
|---|---|---|---|
| 003 | OSt | ||
| 005 | 20240627035749.0 | ||
| 006 | a | ||
| 008 | 240627b |||||||| |||| 00| 0 eng d | ||
| 020 | _a9719919063 | ||
| 040 |
_aDWCL-Main lib. _cOC |
||
| 082 |
_22011 edition _aFil. 658 R786r 2011 |
||
| 100 | _aRoque, Rodelio S. | ||
| 245 | _aReviewer in management advisory services / | ||
| 250 | _a2011 edition | ||
| 260 |
_aManila : _bGIC Enterprises & Co., Inc., _cc2011. |
||
| 300 |
_b976 p. ; _c22 cm. |
||
| 650 | _a1. Management-Examinations, questions, etc. | ||
| 650 | _a2. Accounting-Examination, questions, etc. | ||
| 942 |
_2ddc _n0 _cBK - FIL _e2011 edition _kFil. |
||
| 999 |
_c1478 _d1478 |
||